000 00792nam a2200265Ia 4500
003 OSt
005 20220927110627.0
006 a|||||r|||| 00| 0
007 ta
008 220926b |||||||| |||| 00| 0 eng d
024 _a78586
037 _cReports
040 _aRTL
_cRTL
_beng
041 _2eng
_aeng
082 _a"X9:9.235.N64t4, K9/GD"
110 _aEMPLOYERS FEDERATION OF INDIA (Bombay)
_9379462
245 0 _aAbsenteeism industries in Bombay
_b A survey
260 _aBombay
_bThe Author India
_c1969
300 _a43p.
_ccm.
490 _aIts monographs. 12
650 _aLabour Economics
700 _aEMPLOYERS FEDERATION OF INDIA (Bombay)
_9379463
942 _h"X9:9.235.N64t4, K9/GD"
_cCC
999 _c697439
_d697439